LEADER 01490nam a2200313 i 4500 001 000000162557 003 CaOOAMICUS 005 20070629000000.0 008 070629s2004 it u000 u ita u 013 $a139921 020 $a88-464-5205-4 040 $aSeMil$bita 100 1 $aAsh, Mitchell G.$0(OLS)http://semarc/name/43036 240 10$aGestalt Psychology in German Culture, 1890-1967.$0(OLS)http://semarc/title/146304 245 13$aLa psicologia della Gestalt nella cultura tedesca dal 1890 al 1967 /$cMitchell G. Ash ; Edizione italiana a cura di Carmela Morabito e Nino Dazzi. 260 $aMilano :$bFranco Angeli,$ccopyr. 2004. 300 $a540 p. :$bill. ;$c23 cm. 490 0 $aCollana di storia della psicologia ;$v6. 500 $aContiene : Bibliografia. 650 4$aPsicologia della forma - Storia.$0(OLS)http://semarc/subject/17863 700 1 $aDazzi, Nino.$0(OLS)http://semarc/name/6048 700 1 $aMorabito, Carmela.$0(OLS)http://semarc/name/43037 830 0$aCollana di storia della psicologia ;$v6.$0(OLS)http://semarc/title/401697 850 $aSeMil 852 $aSeMil$W1$xVenegono$y1$m80 49 6 *$j113899$B113899$CSeMilBibl$Z2$F125479 $81 961 $aOmaggio: Conti don Ermenegildo 996 $6020$a88-464-5205-4$9(OLS)http://semarc/number/78743 996 $6245$aLa psicologia della Gestalt nella cultura tedesca dal 1890 al 1967$9(OLS)http://semarc/title/146303 996 $6260$aMilano :$bFranco Angeli$9(OLS)http://semarc/publisher/30369 LEADER 02980nam a2200325 i 4500 001 000000011865 003 CaOOAMICUS 005 20180830125441.0 008 180830n it u000 u ita u 040 $aSeMil$bita 100 1 $aCavalcaselle, G. B.$0(OLS)http://semarc/name/5703 245 10$aStoria della pittura in Italia :$bdal secolo 2. al secolo 16. /$cG. B. Cavalcaselle [e] J. A. Crowe. 260 $aSala Bolognese :$bArnaldo Forni,$c[1981]?-[1982]?. 300 $a11 v. ;$c22 cm. 500 $aRistampa anastatica dell'Edizione : Firenze : Le Monnier, 1886-1908. 650 4$aPittura - Italia - Sec. 16.-19.$0(OLS)http://semarc/subject/1938 700 1 $aCrowe, J. A.$0(OLS)http://semarc/name/5704 774 0 $aCavalcaselle, G. B.$tPittori della scuola senese nel secolo 14. e ne' primi anni del seguente ed alcuni altri di Pisa e di Lucca seguaci di quella maniera.$bSeconda edizione.$gVolume3$w()108131 774 0 $aCavalcaselle, G. B.$tArte dopo la morte di Giotto.$gVolume2$w()140964 774 0 $aCavalcaselle, G. B.$tPittori contemporanei ai fiorentini ed ai senesi del secolo 14. e prima parte del secolo successivo nelle altre provincie d'Italia.$bSeconda edizione.$gVolume4$w()142915 774 0 $aCavalcaselle, G. B.$tAlcuni pittori e altri artisti fiorentini dell'ultimo periodo del secolo 14. e del 15.$bSeconda edizione.$gVolume5$w()142916 774 0 $aCavalcaselle, G. B.$tPittori fiorentini dopo la prima metà del secolo 15.$gVolume6$w()142918 774 0 $aCavalcaselle, G. B.$tPittori fiorentini del secolo 15. e del principio del seguente.$gVolume7$w()142919 774 0 $aCavalcaselle, G. B.$tBenozzo Gozzoli e suoi discepoli Cosimo Rosselli, Piero Della Francesca, Melozzo Da Forlì, Marco Palmezzani, Giovanni Santi, Luca Signorelli e suoi discepoli Don Bartolommeo Della Gatta e suoi discepoli.$gVolume8$w()142920 774 0 $aCavalcaselle, G. B.$tDomenico di Bartolo e la scuola senese del secolo 15. Ottaviano Nelli, Gentile Da Fabriano, Niccolò Alunno ed altri pittori della scuola umbra, Benedetto Bonfigli e Fiorenzo Di Lorenzo, Pietro Perugino.$bEd. originale italiana per cura di Alfredo Mazza.$gVolume9$w()142921 774 0 $aCavalcaselle, G. B.$tBernardino Pinturicchio, Lo Spagna, scuola del Perugino, Fungai, Pacchiarotti e Pacchia, Peruzzi e Beccafumi, Lorenzo Di Credi e Piero Di Cosimo, Fra Bartolommeo Della Porta.$bEd. originale italiana per cura di Alfredo Mazza.$gVolume10$w()142923 774 0 $aCavalcaselle, G. B.$tMariotto Albertinelli, Giuliano Bugiardini, Il Franciabigio, Ridolfo Ghirlandaio, Andrea Del Sarto, Indici dell'Opera.$bEd. originale italiana per cura di Alfredo Mazza.$gVolume11$w()142924 774 0 $aCavalcaselle, G. B.$tDai primi tempi cristiani fino alla morte di giotto.$gVolume1$w()146893 996 $6245$aStoria della pittura in Italia :$bdal secolo 2. al secolo 16.$9(OLS)http://semarc/title/15706 996 $6260$aSala Bolognese :$bArnaldo Forni$9(OLS)http://semarc/publisher/34708